Estatísticas para Maiores exportadores mundiais

Clique aqui para jogar o quiz

Estatísticas Gerais

  • Esse quiz foi jogado 64 vezes
  • A pontuação média é 8 de 10

Estatísticas das Respostas

HintValor ArrecadadoRespostas% Correto
1US$ 2,263 trilhõesChina
100%
2US$ 1,547 trilhãoEstados Unidos
100%
7US$ 535 bilhõesFrança
95%
4US$ 698 bilhõesJapão
95%
3US$ 1,448 trilhãoAlemanha
91%
9US$ 445 bilhõesReino Unido
87%
8US$ 506 bilhõesItália
84%
6US$ 574 bilhõesCoreia do Sul
75%
5US$ 652 bilhõesPaíses Baixos
47%
10US$ 430 bilhõesBélgica
44%

Distribuição das Pontuações

Percentil de Números Respondidos

Porcentagem de Pessoas com Cada Pontuação

Sua Pontuação Histórica

Você não jogou esse quiz